1203 1551 1967 1736 1673 1498 1089 1441 1848 1925 1481 1997 1709 1305 1163 1933 1498 1819 1844 1096 1137 1016 1351 1070 1382 1976 1073 1587 1912 1584 1868 1442 1000 1830 1816 1361 1520 1181 1835 1070 1246 1079 1018 1102 1560 1006 1203 1792 1710 1049 1548 1480 1788 1939 1913 1839 1055 1479 1585 1004 1268 1572 1460 1676 1986 1696 1135 1601 1836 1545 1549 1907 1302 1678 1967 1032 1694 1706 1970 1323 1106 1489 1193 1165 1630 1777 1094 1784 1068 1285 1144 1269 1923 1992 1357 1848 1333 1707 1427 BCNSPRNW ULIB Ver.6.0+V

เปลี่ยนเป็นภาษาไทย

Change to English
 แสดงรายละเอียดบรรณานุกรม
  กลับหน้าหลัก

Brief Record : Get Marc (ISO 2709) : E-mail record : QR code < ปิดหน้าต่าง
LEADER : 00000nam 2200000uu 4500
001    13399126646
003     ULIB
008    190130s2560||||th 000 0 tha d
020    ^a9786164455405
050    ^aPE428.1ส356ป
100    ^aสรุจ ศุภศิรประภา และคณะ
245    ^a850 คำต้องรู้ สู้ CU-TEP และ TOEFL/^cสรุจ ศุภศิรประภา และคณะ
250    ^aพิมพ์ครั้งที่ 3
260    ^aกรุงเทพฯ :^bโรงพิมพ์แห่งจุฬาลงกรณ์มหาวิทยาลัย,^c2560
300    ^a268 หน้า;^b26 ซม.
650    ^aภาษาอังกฤษ^xคำศัพท์
945    ^p250^l0^i26910
999    ^aกัณชพร จุลอักษร
รายการนี้ยังไม่มีแท็ก
คุณยังไม่ได้ล็อกอิน คุณสามารถมีกิจกรรมร่วมกับเว็บไซต์ได้ แต่ต้องล็อกอินก่อน ::
  ล็อกอิน

รายการสื่อสารสนเทศ

ลำดับที่ ประเภท เลขเรียก/บาร์โค้ด สถานที่ สถานะ
1. วิทยาศาสตร์การแพทย์ และสุขภาพ
วิทยาศาสตร์การแพทย์ และสุขภาพ
PE428.1ส356ป ฉ.1 
  Barcode: 26910
ห้องสมุดวิทยาเขตนครสวรรค์
►หนังสือทั่วไป:l:General Books
บนชั้น

รายการใกล้เคียง
    ผู้แต่ง [สรุจ ศุภศิรประภา และคณะ]

    หัวเรื่อง [ภาษาอังกฤษ คำศัพท์]

BibComment


ยังไม่เคยถูกคอมเมนท์

คอมเมนท์ทรัพยากรรายการนี้
  คอมเมนท์: 850 คำต้องรู้ สู..


 Copyright 2026. Bcnsprnw @Library